000
00317nam a2200145Ia 4500
100
_a
Prata/Stephen
942
_c
BK
654
_a
unix
245
_a
Advanced UNIX : A programmers Guide
260
_b
BPB Publications
_a
New Delhi
_c
1986
082
_a
5.13
_b
PRA
300
_a
484
546
_a
ENGLISH
999
_c
28951
_d
28951